| 000 | 00454nam a22001817a 4500 | ||
|---|---|---|---|
| 005 | 20260602125744.0 | ||
| 008 | 260602b |||||||| |||| 00| 0 eng d | ||
| 020 |
_a9788183423908 _c995.00 |
||
| 040 | _aMAIN | ||
| 041 | _aEnglish | ||
| 082 |
_a539.7 _bTRI |
||
| 100 |
_aTripathi, R.K. _918257 |
||
| 245 | _aAtomic and Molecular Physics | ||
| 260 |
_aNew Delhi _bCrescent _c2017 |
||
| 300 | _a258 | ||
| 650 |
_aPhysics (PM USHA) _926699 |
||
| 942 | _cBK | ||
| 999 |
_c60954 _d60954 |
||